Možnosti uplatnenia konceptu "učiacej sa organizácie" v podnikoch cestovného ruchu

Uplatňovanie konceptu učiacej sa organizácie a výsledky výskumu, zameraného na zistenie do akej miery sa uplatňuje tento koncept v podnikoch cestovného ruchu na Slovensku.

Uložené v:
Podrobná bibliografia
Hlavný autor: Bučáková, Hedviga
Ďalší autori: Šuterová, Viola, 1957-
Médium: Kapitola
Jazyk:Slovak
Predmet:
Tagy: Pridať tag
Žiadne tagy, Buďte prvý, kto otaguje tento záznam!

MARC

LEADER 00000nla a2200000 4500
001 0164077
005 20240502072845.9
041 0 |a slo 
044 |a SK 
245 1 0 |a Možnosti uplatnenia konceptu "učiacej sa organizácie" v podnikoch cestovného ruchu  |c Hedviga Bučáková, Viola Šuterová 
520 |a Uplatňovanie konceptu učiacej sa organizácie a výsledky výskumu, zameraného na zistenie do akej miery sa uplatňuje tento koncept v podnikoch cestovného ruchu na Slovensku. 
610 2 0 |a ruch cestovný 
610 2 0 |a politika ruchu cestovného 
610 2 0 |a prostredie podnikateľské 
610 2 0 |a učiaca sa organizácia 
610 2 0 |a riadenie ľudských zdrojov 
610 2 0 |a kapitál ľudský 
610 2 0 |a ekonomika znalostná 
100 1 |a Bučáková, Hedviga 
700 1 |a Šuterová, Viola, 1957-